2010 federal holidays Quiz Stats

 Plays Quiz not verified by Sporcle

Also try: Light the Menorah!
Challenge
Share
Tweet
Embed
Score 0/10 Timer 03:00
0 Plays Today
Month Holiday % Correct
DecemberChristmas
89.2%
JanuaryNew Year's Day
87.2%
NovemberThanksgiving
84.6%
JulyIndependence Day
83.6%
SeptemberLabor Day
80.5%
MayMemorial Day
77.4%
NovemberVeteran's Day
72.3%
OctoberColumbus Day
66.7%
FebruaryBirthday of George Washington
33.3%
JanuaryBirthday of Dr. Martin Luther King, Jr.
10.3%

You're not logged in!

Compare scores with friends on all Sporcle quizzes.
OR
Log In

You Might Also Like...

Show Comments

Extras

Top Quizzes Today


Score Distribution

Your Account Isn't Verified!

In order to create a playlist on Sporcle, you need to verify the email address you used during registration. Go to your Sporcle Settings to finish the process.

Report this User

Report this user for behavior that violates our Community Guidelines.

Details: